<?xml version="1.0" encoding="UTF-8"?>
<record
    xmlns:xsi="http://www.w3.org/2001/XMLSchema-instance"
    xsi:schemaLocation="http://www.loc.gov/MARC21/slim http://www.loc.gov/standards/marcxml/schema/MARC21slim.xsd"
    xmlns="http://www.loc.gov/MARC21/slim">

  <leader>01283nam a22001817a 4500</leader>
  <controlfield tag="008">111013t        xxu||||| |||| 00| 0 eng d</controlfield>
  <datafield tag="020" ind1=" " ind2=" ">
    <subfield code="a"> 0658021680 9780658021688</subfield>
  </datafield>
  <datafield tag="050" ind1=" " ind2=" ">
    <subfield code="a">E175.C33</subfield>
  </datafield>
  <datafield tag="100" ind1=" " ind2=" ">
    <subfield code="a">Camenson, Blythe </subfield>
  </datafield>
  <datafield tag="245" ind1=" " ind2=" ">
    <subfield code="a">Careers for history buffs &amp; others who learn from the past /</subfield>
    <subfield code="c">Blythe, Camenson.</subfield>
  </datafield>
  <datafield tag="260" ind1=" " ind2=" ">
    <subfield code="a">Chicago :</subfield>
    <subfield code="b"> VGM Career Books,</subfield>
    <subfield code="c"> &#xA9;2002.</subfield>
  </datafield>
  <datafield tag="300" ind1=" " ind2=" ">
    <subfield code="a">xii, 156 p. ;</subfield>
    <subfield code="c"> 22 cm.</subfield>
  </datafield>
  <datafield tag="505" ind1=" " ind2=" ">
    <subfield code="a">Contents : Jobs for history buffs -- Living history museums : Making history come alive -- The National park service : Interpreting our national treasures -- History museums : Displaying the past -- Jobs for structure lovers: Preserving the past -- Jobs in historical societies: Explaining the past -- Jobs for diggers : Uncovering the past -- Writing and photography: Documenting the past -- The Self- employed history buff: Profiting form the past -- Other jobs for history buffs -- Appendix A: Professional associations -- Appendix B: Living history museums -- Appendix C: National park service regional offices -- Appendix D: Further reading -- About author.</subfield>
  </datafield>
  <datafield tag="650" ind1=" " ind2=" ">
    <subfield code="a">United States </subfield>
    <subfield code="x"> History</subfield>
    <subfield code="x"> Vocational guidance. </subfield>
  </datafield>
  <datafield tag="650" ind1=" " ind2=" ">
    <subfield code="a">Canada</subfield>
    <subfield code="x">History </subfield>
    <subfield code="x">Vocational guidance. </subfield>
  </datafield>
  <datafield tag="650" ind1=" " ind2=" ">
    <subfield code="a">History</subfield>
    <subfield code="x">Vocational guidance</subfield>
    <subfield code="x">United States. </subfield>
  </datafield>
  <datafield tag="942" ind1=" " ind2=" ">
    <subfield code="2">lcc</subfield>
    <subfield code="c">BK</subfield>
  </datafield>
  <datafield tag="999" ind1=" " ind2=" ">
    <subfield code="c">172</subfield>
    <subfield code="d">7672</subfield>
  </datafield>
  <datafield tag="952" ind1=" " ind2=" ">
    <subfield code="0">0</subfield>
    <subfield code="1">0</subfield>
    <subfield code="2">lcc</subfield>
    <subfield code="4">0</subfield>
    <subfield code="7">0</subfield>
    <subfield code="a">WIUC-1</subfield>
    <subfield code="b">WIUC-1</subfield>
    <subfield code="c">GEN</subfield>
    <subfield code="d">2011-10-13</subfield>
    <subfield code="l">0</subfield>
    <subfield code="o">E175.C33</subfield>
    <subfield code="p">480/11</subfield>
    <subfield code="r">2011-10-13 00:00:00</subfield>
    <subfield code="t">1</subfield>
    <subfield code="w">2011-10-13</subfield>
    <subfield code="y">BK</subfield>
  </datafield>
  <datafield tag="952" ind1=" " ind2=" ">
    <subfield code="0">0</subfield>
    <subfield code="1">0</subfield>
    <subfield code="2">lcc</subfield>
    <subfield code="4">0</subfield>
    <subfield code="7">0</subfield>
    <subfield code="a">WIUC-1</subfield>
    <subfield code="b">WIUC-1</subfield>
    <subfield code="c">GEN</subfield>
    <subfield code="d">2011-10-13</subfield>
    <subfield code="l">0</subfield>
    <subfield code="o">E175.C331</subfield>
    <subfield code="p">481/11</subfield>
    <subfield code="r">2011-10-13 00:00:00</subfield>
    <subfield code="t">2</subfield>
    <subfield code="w">2011-10-13</subfield>
    <subfield code="y">BK</subfield>
  </datafield>
  <datafield tag="952" ind1=" " ind2=" ">
    <subfield code="0">0</subfield>
    <subfield code="1">0</subfield>
    <subfield code="2">lcc</subfield>
    <subfield code="4">0</subfield>
    <subfield code="7">0</subfield>
    <subfield code="a">WIUC-1</subfield>
    <subfield code="b">WIUC-1</subfield>
    <subfield code="c">GEN</subfield>
    <subfield code="d">2011-10-13</subfield>
    <subfield code="l">0</subfield>
    <subfield code="o">E175.C332</subfield>
    <subfield code="p">482/11</subfield>
    <subfield code="r">2011-10-13 00:00:00</subfield>
    <subfield code="t">3</subfield>
    <subfield code="w">2011-10-13</subfield>
    <subfield code="y">BK</subfield>
  </datafield>
  <datafield tag="952" ind1=" " ind2=" ">
    <subfield code="0">0</subfield>
    <subfield code="1">0</subfield>
    <subfield code="2">lcc</subfield>
    <subfield code="4">0</subfield>
    <subfield code="7">0</subfield>
    <subfield code="a">WIUC-1</subfield>
    <subfield code="b">WIUC-1</subfield>
    <subfield code="c">GEN</subfield>
    <subfield code="d">2011-10-13</subfield>
    <subfield code="l">0</subfield>
    <subfield code="o">E175.C333</subfield>
    <subfield code="p">483/11</subfield>
    <subfield code="r">2011-10-13 00:00:00</subfield>
    <subfield code="t">4</subfield>
    <subfield code="w">2011-10-13</subfield>
    <subfield code="y">BK</subfield>
  </datafield>
  <datafield tag="952" ind1=" " ind2=" ">
    <subfield code="0">0</subfield>
    <subfield code="1">0</subfield>
    <subfield code="2">lcc</subfield>
    <subfield code="4">0</subfield>
    <subfield code="7">0</subfield>
    <subfield code="a">WIUC-1</subfield>
    <subfield code="b">WIUC-1</subfield>
    <subfield code="c">GEN</subfield>
    <subfield code="d">2011-10-13</subfield>
    <subfield code="l">0</subfield>
    <subfield code="o">E175.C334</subfield>
    <subfield code="p">484/11</subfield>
    <subfield code="r">2011-10-13 00:00:00</subfield>
    <subfield code="t">5</subfield>
    <subfield code="w">2011-10-13</subfield>
    <subfield code="y">BK</subfield>
  </datafield>
  <datafield tag="952" ind1=" " ind2=" ">
    <subfield code="0">0</subfield>
    <subfield code="1">0</subfield>
    <subfield code="2">lcc</subfield>
    <subfield code="4">0</subfield>
    <subfield code="7">0</subfield>
    <subfield code="a">WIUC-1</subfield>
    <subfield code="b">WIUC-1</subfield>
    <subfield code="c">GEN</subfield>
    <subfield code="d">2011-10-13</subfield>
    <subfield code="l">0</subfield>
    <subfield code="o">E175.C335</subfield>
    <subfield code="p">485/11</subfield>
    <subfield code="r">2011-10-13 00:00:00</subfield>
    <subfield code="t">6</subfield>
    <subfield code="w">2011-10-13</subfield>
    <subfield code="y">BK</subfield>
  </datafield>
  <datafield tag="952" ind1=" " ind2=" ">
    <subfield code="0">0</subfield>
    <subfield code="1">0</subfield>
    <subfield code="2">lcc</subfield>
    <subfield code="4">0</subfield>
    <subfield code="7">0</subfield>
    <subfield code="a">WIUC-1</subfield>
    <subfield code="b">WIUC-1</subfield>
    <subfield code="c">GEN</subfield>
    <subfield code="d">2011-10-13</subfield>
    <subfield code="l">0</subfield>
    <subfield code="o">E175.C336</subfield>
    <subfield code="p">486/11</subfield>
    <subfield code="r">2011-10-13 00:00:00</subfield>
    <subfield code="t">7</subfield>
    <subfield code="w">2011-10-13</subfield>
    <subfield code="y">BK</subfield>
  </datafield>
  <datafield tag="952" ind1=" " ind2=" ">
    <subfield code="0">0</subfield>
    <subfield code="1">0</subfield>
    <subfield code="2">lcc</subfield>
    <subfield code="4">0</subfield>
    <subfield code="7">0</subfield>
    <subfield code="a">WIUC-1</subfield>
    <subfield code="b">WIUC-1</subfield>
    <subfield code="c">GEN</subfield>
    <subfield code="d">2011-10-13</subfield>
    <subfield code="l">0</subfield>
    <subfield code="o">E175.C337</subfield>
    <subfield code="p">487/11</subfield>
    <subfield code="r">2011-10-13 00:00:00</subfield>
    <subfield code="t">8</subfield>
    <subfield code="w">2011-10-13</subfield>
    <subfield code="y">BK</subfield>
  </datafield>
  <datafield tag="952" ind1=" " ind2=" ">
    <subfield code="0">0</subfield>
    <subfield code="1">0</subfield>
    <subfield code="2">lcc</subfield>
    <subfield code="4">0</subfield>
    <subfield code="7">0</subfield>
    <subfield code="a">WIUC-1</subfield>
    <subfield code="b">WIUC-1</subfield>
    <subfield code="c">GEN</subfield>
    <subfield code="d">2011-10-13</subfield>
    <subfield code="l">0</subfield>
    <subfield code="o">E175.C338</subfield>
    <subfield code="p">488/11</subfield>
    <subfield code="r">2011-10-13 00:00:00</subfield>
    <subfield code="t">9</subfield>
    <subfield code="w">2011-10-13</subfield>
    <subfield code="y">BK</subfield>
  </datafield>
  <datafield tag="952" ind1=" " ind2=" ">
    <subfield code="0">0</subfield>
    <subfield code="1">0</subfield>
    <subfield code="2">lcc</subfield>
    <subfield code="4">0</subfield>
    <subfield code="7">0</subfield>
    <subfield code="a">WIUC-1</subfield>
    <subfield code="b">WIUC-1</subfield>
    <subfield code="c">GEN</subfield>
    <subfield code="d">2011-10-13</subfield>
    <subfield code="l">0</subfield>
    <subfield code="o">E175.C339</subfield>
    <subfield code="p">489/11</subfield>
    <subfield code="r">2011-10-13 00:00:00</subfield>
    <subfield code="t">10</subfield>
    <subfield code="w">2011-10-13</subfield>
    <subfield code="y">BK</subfield>
  </datafield>
</record>
